| 000 | 00394nam a22001577a 4500 | ||
|---|---|---|---|
| 003 | OSt | ||
| 008 | 220607b ||||| |||| 00| 0 eng d | ||
| 020 | _a9788122479270 | ||
| 082 | _a170 NAT | ||
| 100 | _aNAAGARAZAN, R S | ||
| 245 | _aTextbook on Professional Ethics and Human Values | ||
| 250 | _a3rd | ||
| 260 |
_aNew Age International Publishers _c2023 |
||
| 300 | _a266 | ||
| 942 |
_2ddc _cBK |
||
| 999 |
_c11267 _d11267 |
||